Statistics for Speed Capital to U.S. State

Click here to take the quiz!

General Stats

  • This quiz has been taken 42,574 times
  • The average score is 31 of 50

Answer Stats

Capital City State % Correct
AustinTexas
99%
PhoenixArizona
96%
DenverColorado
96%
Oklahoma CityOklahoma
95%
NashvilleTennessee
94%
Salt Lake CityUtah
94%
HonoluluHawaii
93%
SacramentoCalifornia
93%
AtlantaGeorgia
91%
IndianapolisIndiana
90%
AlbanyNew York
86%
ColumbusOhio
85%
JuneauAlaska
85%
Little RockArkansas
85%
TallahasseeFlorida
83%
BoiseIdaho
81%
Des MoinesIowa
77%
Baton RougeLouisiana
77%
RichmondVirginia
77%
OlympiaWashington
74%
TopekaKansas
73%
MadisonWisconsin
72%
BostonMassachusetts
71%
Saint PaulMinnesota
68%
SpringfieldIllinois
62%
LansingMichigan
62%
AnnapolisMaryland
62%
MontgomeryAlabama
60%
AugustaMaine
59%
FrankfortKentucky
59%
Carson CityNevada
57%
JacksonMississippi
55%
LincolnNebraska
50%
HelenaMontana
47%
Santa FeNew Mexico
46%
TrentonNew Jersey
43%
HartfordConnecticut
42%
Jefferson CityMissouri
40%
SalemOregon
36%
ConcordNew Hampshire
36%
RaleighNorth Carolina
33%
HarrisburgPennsylvania
31%
ProvidenceRhode Island
29%
BismarckNorth Dakota
27%
DoverDelaware
20%
MontpelierVermont
18%
ColumbiaSouth Carolina
18%
CheyenneWyoming
17%
PierreSouth Dakota
15%
CharlestonWest Virginia
13%

Score Distribution

Percentile by Number Answered

Percent of People with Each Score

Your Score History

You have not taken this quiz